H Chem Elements Quiz - Statistics

General Stats
  • This quiz has been taken 11 times
  • The average score is 42 of 50
Answer Stats
Hint Answer % Correct
Ca Calcium
100%
Cu Copper
100%
Au Gold
100%
Fe Iron
100%
Li Lithium
100%
Ni Nickel
100%
O Oxygen
100%
Ag Silver
100%
Zn Zinc
100%
Al Aluminum
90%
Ar Argon
90%
B Boron
90%
C Carbon
90%
Ga Gallium
90%
He Helium
90%
H Hydrogen
90%
I Iodine
90%
Mg Magnesium
90%
Mn Manganese
90%
Hg Mercury
90%
N Nitrogen
90%
P Phosphorus
90%
K Potassium
90%
Si Silicon
90%
Na Sodium
90%
Ti Titanium
90%
Xe Xenon
90%
Be Beryllium
80%
Br Bromine
80%
Cl Chlorine
80%
Cr Chromium
80%
Co Cobalt
80%
Kr Krypton
80%
Pb Lead
80%
S Sulfur
80%
Sn Tin
80%
U Uranium
80%
As Arsenic
70%
Ba Barium
70%
Cs Cesium
70%
F Flourine
70%
Ge Germanium
70%
Ne Neon
70%
Se Selenium
70%
Sr Strontium
70%
V Vanadium
70%
Rn Radon
60%
Rb Rubidium
60%
Pt Platinum
50%
Sc Scandium
50%
No matching quizzes found
Score Distribution
Percent of People with Each Score
Percentile by Number Answered
Your Score History
You have not taken this quiz